Focus sur: Hannah Abbot - Harry Potter - Statistiques

Statistiques générales
  • Ce quiz a été pris 136 fois
  • Le résultat moyen est 7 sur 9
Statistiques - réponses
Informations recherchées Réponses % Correct
Lieu de rencontre avec Harry Potter Poudlard
99%
Ecole fréquentée Poudlard
99%
Maison fréquentée Poufsouffle
97%
Statut du sang Sang-mêlé
97%
Couleur des cheveux Blond
92%
Première apparition Harry Potter à l'école des sorciers
92%
Epoux Neville Londubat
73%
Profession (adulte) Patronne du Chaudron Baveur
25%
Actrice l'interprétant dans les films Charlotte Skeoch
20%
Aucun quiz correspondant
Distribution des résultats
% des personnes avec chaque résultat
Percentile par nombre de réponses
Votre historique - résultats
Vous n’avez pas pris ce quiz